La mediació comunitària : municipi, comunitat i conflicte / amb la col·laboració de: Ajuntament del Prat de Llobregat, Associació Catalana pel Desenvolupament de la Mediació i l'Arbitratge (ACDMA) ; revisió de textos: Montserrat Solera Porras municipi, comunitat i conflicte / amb la col·laboració de:
MARC
| LEADER | 00000nam a2200000Ia 4500 | ||
|---|---|---|---|
| 001 | 16627 | ||
| 003 | BGR | ||
| 005 | 20260324175727.0 | ||
| 008 | 160829s9999 xx 000 0 cat d | ||
| 020 | |a 1139-0210 | ||
| 080 | |a M-5-54 | ||
| 245 | |a La mediació comunitària : |b municipi, comunitat i conflicte / amb la col·laboració de: |b Ajuntament del Prat de Llobregat, Associació Catalana pel Desenvolupament de la Mediació i l'Arbitratge (ACDMA) ; revisió de textos: |b Montserrat Solera Porras | ||
| 260 | |a Barcelona : |b Fundació Carles Pi i Sunyer d'Estudis Autonòmics i Locals, cop. 2003 | ||
| 300 | |a 61 p. : |b gràf. ; |c 30 cm | ||
| 490 | |a Documents Pi i Sunyer ; 24 | ||
| 650 | |a Administració local |x Participació ciutadana |9 27440 | ||
| 650 | 0 | |a Resolució de conflictes (Dret) |9 27020 | |
| 700 | 1 | |a Solera, Montserrat |e editor |9 46032 | |
| 710 | 1 | |a Fundació Carles Pi i Sunyer d'Estudis Autonòmics i Locals |9 52753 | |
| 710 | |a Prat de Llobregat (Catalunya). |b Ajuntament |9 53104 | ||
| 710 | |a Associació Catalana pel Desenvolupament de la Mediació i l'Arbitratge (ACDMA) |9 63190 | ||
| 901 | |a Arxiu | ||
| 942 | |n 1 |2 udc |c MON | ||
| 952 | |0 0 |1 0 |4 0 |6 M554 |7 1 |9 48900 |a Arxiu |b Arxiu |d 2016-12-01 |l 0 |o M-5-54 |p 16627 |r 2016-12-01 00:00:00 |w 2016-12-01 |y ARXIU | ||
| 999 | |c 52735 |d 52735 | ||